| 000 | 00947nam a2200277 a 4500 | ||
|---|---|---|---|
| 001 | 30107 | ||
| 003 | BD-RjUL | ||
| 005 | 20211209051520.0 | ||
| 008 | 140409s1949 enk 000 0 eng d | ||
| 035 | _a(BD-RjUL)30192 | ||
| 040 |
_aDLC _cIQU _dEQO _dBD-RjUL _beng |
||
| 041 | _aeng | ||
| 082 |
_a198.9 _bKRF 1949 |
||
| 100 | 1 |
_aKruse, Frederik Vinding, _d1880-1963. _991544 |
|
| 245 | 1 | 4 |
_aThe foundation of human thought : _bthe problem of science and ethics / _cby Fr. Vinding Kruse. |
| 260 |
_aLondon : _bOxford University Press, _c1949. |
||
| 300 |
_a404 p. ; _c26 cm. |
||
| 500 | _aTranslation of Erkendelse og vurdering. | ||
| 500 | _aTranslated by Annie Fausbøll with the exception of 4 chapters which were tr. by Ingeborg Lund. | ||
| 650 | 0 |
_aScience _xPhilosophy. _991545 |
|
| 650 | 0 |
_aKnowledge, Theory of. _991546 |
|
| 650 | 0 |
_aEthics. _991547 |
|
| 942 |
_2ddc _cBK |
||
| 999 |
_c30107 _d30107 |
||